<?xml version="1.0" encoding="UTF-8"?><?xml-stylesheet type="text/xsl" href="static/style.xsl"?><OAI-PMH xmlns="http://www.openarchives.org/OAI/2.0/" xmlns:xsi="http://www.w3.org/2001/XMLSchema-instance" xsi:schemaLocation="http://www.openarchives.org/OAI/2.0/ http://www.openarchives.org/OAI/2.0/OAI-PMH.xsd"><responseDate>2026-06-01T08:32:17Z</responseDate><request verb="GetRecord" identifier="oai:riuma.uma.es:10630/36187" metadataPrefix="marc">https://riuma.uma.es/rest/oai/request</request><GetRecord><record><header><identifier>oai:riuma.uma.es:10630/36187</identifier><datestamp>2026-02-03T10:49:56Z</datestamp><setSpec>com_10630_2254</setSpec><setSpec>col_10630_37953</setSpec></header><metadata><record xmlns="http://www.loc.gov/MARC21/slim" xmlns:dcterms="http://purl.org/dc/terms/" xmlns:doc="http://www.lyncode.com/xoai" xmlns:xsi="http://www.w3.org/2001/XMLSchema-instance" xsi:schemaLocation="http://www.loc.gov/MARC21/slim http://www.loc.gov/standards/marcxml/schema/MARC21slim.xsd">
   <leader>00925njm 22002777a 4500</leader>
   <datafield ind2=" " ind1=" " tag="042">
      <subfield code="a">dc</subfield>
   </datafield>
   <datafield ind2=" " ind1=" " tag="720">
      <subfield code="a">Hueso-González, Paloma</subfield>
      <subfield code="e">author</subfield>
   </datafield>
   <datafield ind2=" " ind1=" " tag="720">
      <subfield code="a">Sillero-Medina, José Antonio</subfield>
      <subfield code="e">author</subfield>
   </datafield>
   <datafield ind2=" " ind1=" " tag="720">
      <subfield code="a">Menjíbar-Romero, Mario</subfield>
      <subfield code="e">author</subfield>
   </datafield>
   <datafield ind2=" " ind1=" " tag="720">
      <subfield code="a">Ruiz-Sinoga, José Damián</subfield>
      <subfield code="e">author</subfield>
   </datafield>
   <datafield ind2=" " ind1=" " tag="260">
      <subfield code="c">2024-12-20</subfield>
   </datafield>
   <datafield ind2=" " ind1=" " tag="520">
      <subfield code="a">Las áreas áridas y semiáridas están siendo seriamente afectadas por procesos de degradación. El uso de enmiendas orgánicas en la restauración de ecosistemas es una técnica efectiva para acelerar los procesos de regeneración del suelo en zonas degradadas. Proyectos como "Red Experimental de Medición de la Erosión" y "Recuperación del Suelo y Enmiendas en el Campus de Teatinos" se centran en mejorar la calidad del suelo, aumentar la infiltración, reducir la erosión y mejorar la supervivencia de las replantaciones. Esta línea de investigación evalúa el papel de las enmiendas orgánicas como una estrategia efectiva en la restauración de áreas degradadas, destacando los efectos de diferentes tipos de enmiendas, dosis y tasas de aplicación. Las principales conclusiones que derivan de esta línea de investigación: (a) los efectos de la enmienda en las propiedades del suelo dependen en gran medida de su origen; (b) las enmiendas deben aplicarse en las dosis mínimas efectivas; (c) la forma de aplicación más comúnmente utilizada es en superficie y sobre el suelo; y (d) la estabilidad y madurez de las enmiendas pueden marcar la diferencia entre el éxito y el fracaso.</subfield>
   </datafield>
   <datafield ind1="8" ind2=" " tag="024">
      <subfield code="a">Hueso González, P., Sillero Medina, J. A. ., Menjibar Romero, M., &amp; Ruiz Sinoga, J. D. (2024). Estrategias de recuperación de cubierta vegetal y mejora de la calidad edáfica en ambientes mediterráneos degradados: SECCIÓN GENERAL. Geographicalia, (76), 171–176. https://doi.org/10.26754/ojs_geoph/geoph.20247611393</subfield>
   </datafield>
   <datafield ind1="8" ind2=" " tag="024">
      <subfield code="a">https://hdl.handle.net/10630/36187</subfield>
   </datafield>
   <datafield ind1="8" ind2=" " tag="024">
      <subfield code="a">10.26754/ojs_geoph/geoph.20247611393</subfield>
   </datafield>
   <datafield tag="653" ind2=" " ind1=" ">
      <subfield code="a">Recuperación de tierras</subfield>
   </datafield>
   <datafield ind2="0" ind1="0" tag="245">
      <subfield code="a">Estrategias de recuperación de cubierta vegetal y mejora de la calidad edáfica en ambientes mediterráneos degradados</subfield>
   </datafield>
</record>
</metadata></record></GetRecord></OAI-PMH>